Súpis hospodárskych zvierat k 31.12.1999

Salvato in:
Dettagli Bibliografici
Natura: Libro
Lingua:slovacco
Pubblicazione: Bratislava Štatistický úrad Slovenskej republiky 1999
Serie:Pôdohospodárstvo a životné prostredie
Soggetti:
Tags: Aggiungi Tag
Nessun Tag, puoi essere il primo ad aggiungerne!!

MARC

LEADER 00000nam a2200000 4500
001 c117164
005 20221102132932.9
041 0 |a slo 
044 |a SK 
245 1 0 |a Súpis hospodárskych zvierat k 31.12.1999 
264 1 |a Bratislava  |b Štatistický úrad Slovenskej republiky  |c 1999 
300 |a 19 s. 
490 1 |a Pôdohospodárstvo a životné prostredie 
830 0 |a Pôdohospodárstvo a životné prostredie 
610 2 0 |a Slovensko 
610 2 0 |a zvieratá 
610 2 0 |a chov zvierat 
610 2 0 |a výroba živočíšna